000 00624nam a2200193Ia 4500
003 IN-BaIIA
008 211028s9999 xx 000 0 eng d
040 _cIIA Library
080 _a047.1:539.1
_bADV-1
245 0 _aAdvances in nuclear science and technology
_bvol. 1
_cedited by Ernest J. Henley and Herbert Kouts
260 _aNew York
_bAcademic Press
_c1962
300 _axi, 355p.
650 _aNASA Thesaurus
650 _aNuclear physics
_91527
650 _aNuclear physics
_91527
700 _aHenley, Ernest J., ed.
700 _aKouts, Herbert, ed.
_95205
942 _cBK
999 _c3077
_d3077